Wireless sensor networks: an information processing approach (Record no. 4208)

000 -LEADER
fixed length control field 00795 a2200205 4500
020 ## - INTERNATIONAL STANDARD BOOK NUMBER
International Standard Book Number 1558609148
040 ## - CATALOGING SOURCE
Original cataloging agency DLC
Language of cataloging DLC
082 00 - DEWEY DECIMAL CLASSIFICATION NUMBER
Classification number 681.2
100 1# - MAIN ENTRY--PERSONAL NAME
Personal name Zhao, Feng,
245 10 - TITLE STATEMENT
Title Wireless sensor networks: an information processing approach
Remainder of title an information processing approach
Statement of responsibility, etc. Feng Zhao, Leonidas J. Guibas.
260 ## - PUBLICATION, DISTRIBUTION, ETC.
Place of publication, distribution, etc. Amsterdam ;
-- San Francisco :
Name of publisher, distributor, etc. Morgan Kaufmann,
Date of publication, distribution, etc. c2004.
300 ## - PHYSICAL DESCRIPTION
Extent xvii, 358 p. ;
Other physical details ill. ;
Dimensions 25 cm.
440 #4 - SERIES STATEMENT/ADDED ENTRY--TITLE
Title The Morgan Kaufmann series in networking
650 #0 - SUBJECT ADDED ENTRY--TOPICAL TERM
Topical term or geographic name entry element Sensor networks.
650 #0 - SUBJECT ADDED ENTRY--TOPICAL TERM
Topical term or geographic name entry element Wireless LANs.
700 1# - ADDED ENTRY--PERSONAL NAME
Personal name Guibas, Leonidas J.
856 41 - ELECTRONIC LOCATION AND ACCESS
Materials specified Table of contents
Uniform Resource Identifier <a href="http://www.loc.gov/catdir/toc/els051/2004301905.html">http://www.loc.gov/catdir/toc/els051/2004301905.html</a>
856 41 - ELECTRONIC LOCATION AND ACCESS
Materials specified Publisher description
Uniform Resource Identifier <a href="http://www.loc.gov/catdir/description/els051/2004301905.html">http://www.loc.gov/catdir/description/els051/2004301905.html</a>
942 ## - ADDED ENTRY ELEMENTS (KOHA)
Koha item type Book
Call number prefix 004.68 ZHA
Source of classification or shelving scheme
Holdings
Withdrawn status Lost status Damaged status Not for loan Collection code Permanent Location Current Location Shelving location Date acquired Source of acquisition Cost, normal purchase price Total Checkouts Full call number Barcode Date last seen Date last checked out Price effective from Koha item type
          Central Library (CL) Central Library (CL) First Floor - Data Communication/Network/Architecture 03/10/2005 Allied Book Company 4160.24 1 004.68 ZHA SEECS005401 04/18/2016 01/13/2016 01/05/2017 Book
© 2023 Central Library, National University of Sciences and Technology. All Rights Reserved.